Modificaciones de la ley chilena de condena condicional / (Record no. 117273)

MARC details
000 -LEADER
campo de control de longitud fija 00544nam a2200169 4500
001 - NÚMERO DE CONTROL
campo de control 117273
003 - IDENTIFICADOR DE NÚMERO DE CONTROL
campo de control ES-MaACL
005 - FECHA Y HORA DE LA ÚLTIMA TRANSACCIÓN
campo de control 20230906190850.0
007 - CAMPO FIJO DE DESCRIPCIÓN FÍSICA--INFORMACIÓN GENERAL
campo de control de longitud fija t|
008 - DATOS DE LONGITUD FIJA--INFORMACIÓN GENERAL
campo de control de longitud fija 071121s1973 cl r ||||1| spa d
100 1# - ENTRADA PRINCIPAL--NOMBRE DE PERSONA
Nombre de persona Peña Wasaff, Silvia.
9 (RLIN) 90284
245 10 - MENCIÓN DEL TÍTULO
Título Modificaciones de la ley chilena de condena condicional /
Mención de responsabilidad, etc. Silvia Peña Wasaff.
260 ## - PUBLICACIÓN, DISTRIBUCIÓN, ETC.
Lugar de publicación, distribución, etc. Valparaíso :
Nombre del editor, distribuidor, etc. [s.n.],
Fecha de publicación, distribución, etc. 1973.
300 ## - DESCRIPCIÓN FÍSICA
Extensión 4 h. ;
Dimensiones 21 cm.
500 ## - NOTA GENERAL
Nota general Es tirada aparte de `Revista de Ciencias Jurídicas` 1973, nº 4.
852 ## - LOCALIZACIÓN
Ubicación ES-MaACL
Número de control de estantería 2101-F-13
Sublocalización o colección R.94863
Holdings
Estatus retirado Estado de pérdida Estado de daño No para préstamo Colección Biblioteca de origen Biblioteca actual Ubicación en estantería Fecha de adquisición Fuente de adquisición Total de préstamos Signatura topográfica completa Código de barras Visto por última vez Precio de reemplazo Tipo de ítem Koha
        Colección de folletos Biblioteca del Ateneo de Madrid Biblioteca del Ateneo de Madrid Depósito folletos 17/01/2008     2101-F-13 1122271 23/02/2023 23/02/2023 Folleto